|
|
|
|
| LEADER |
01731nam a2200517 i 4500 |
| 001 |
nkc20233503703 |
| 003 |
CZ PrNK |
| 005 |
20240405133530.0 |
| 007 |
ta |
| 008 |
230302s2023 xr a e f 001 0 cze |
| 015 |
|
|
|a cnb003503703
|
| 020 |
|
|
|a 978-80-7670-103-8
|q (brožováno)
|
| 035 |
|
|
|a (OCoLC)1381700207
|
| 040 |
|
|
|a BOA001
|b cze
|e rda
|
| 041 |
1 |
|
|a cze
|h ger
|
| 043 |
|
|
|a ec-----
|
| 072 |
|
7 |
|a 58
|x Botanika
|2 Konspekt
|9 2
|
| 080 |
|
|
|a 582.091
|2 MRF
|
| 080 |
|
|
|a 581.9
|2 MRF
|
| 080 |
|
|
|a (4-191.2)
|2 MRF
|
| 080 |
|
|
|a (084.42)
|2 MRF
|
| 100 |
1 |
|
|a Haag, Holger
|7 pag2009515316
|4 aut
|
| 240 |
1 |
0 |
|a Einfach Bäume.
|l Česky
|
| 245 |
1 |
0 |
|a Stromy :
|b rozpoznejte snadno 100 druhů /
|c Holger Haag ; přeložil: Martin Richter
|
| 250 |
|
|
|a 1. vydání
|
| 264 |
|
1 |
|a Brno :
|b Kazda,
|c 2023
|
| 300 |
|
|
|a 125 stran :
|b barevné ilustrace ;
|c 20 cm
|
| 336 |
|
|
|a text
|b txt
|2 rdacontent
|
| 336 |
|
|
|a statický obraz
|b sti
|2 rdacontent
|
| 337 |
|
|
|a bez média
|b n
|2 rdamedia
|
| 338 |
|
|
|a svazek
|b nc
|2 rdacarrier
|
| 500 |
|
|
|a Přeloženo z němčiny
|
| 504 |
|
|
|a Obsahuje bibliografii a rejstřík
|
| 650 |
0 |
7 |
|a stromy
|7 ph116301
|2 czenas
|
| 650 |
0 |
7 |
|a flóra
|7 ph114559
|z Evropa střední
|2 czenas
|
| 650 |
0 |
9 |
|a trees
|2 eczenas
|
| 650 |
0 |
9 |
|a flora
|z Europe, Central
|2 eczenas
|
| 655 |
|
7 |
|a atlasy
|7 fd131835
|2 czenas
|
| 655 |
|
9 |
|a atlases
|2 eczenas
|
| 700 |
1 |
|
|a Richter, Martin
|7 jo20241221743
|4 trl
|
| 910 |
2 |
|
|a BOA001
|b 1-1506.705
|
| 990 |
|
|
|a BK
|
| 995 |
|
|
|a 01
|
| 991 |
|
|
|b 202304
|c NOV
|
| 996 |
6 |
|
|b 2610936947
|c 1-1506.705
|l MZK
|r Sklad / do 1 hodiny
|n 1
|p p.v.
|w 001922575
|u 000010
|a 1
|e BOA001
|j MZK50
|s P
|
| 996 |
7 |
|
|b 2610936948
|c 1-1506.705
|l Vol.výběr
|r VV 0p
|n 2
|p p.v.
|h 582.09 HAA
|w 001922575
|u 000020
|a 0
|e BOA001
|j MZK50
|s A
|